Carrière de joueur #2 - Statistiques

Statistiques générales
  • Ce quiz a été pris 184 fois
  • Le résultat moyen est 6 sur 15
Statistiques - réponses
Club Club Club Club Club Club Club Joueur % Correct
FC Groningue (2011-2013) Celtic (2013-2015) Southampton FC (2015-2017) Liverpool FC (2017-2022) Virgil Van Dijk
86%
Benfica (2013-2014) Valence CF (2014-2018) Inter Milan (2017-2018 en prêt) Juventus (2018-2019) Manchester City (2019-2022) João Cancelo
81%
CR Flamengo (2016-2019) AC Milan (2019-2020) Olympique Lyonnais (2020-2022) Lucas Paqueta
80%
RSC Anderlecht (2013-2017) AS Monaco (2017-2019) Leicester City (2019-2022) Youri Tielemans
73%
US Sassuolo (2012-2022) Domenico Berardi
53%
Chamois Niortais (2006-2009) LB Châteauroux (2009-2010) FC Rouen (2011-2013) Clermont Foot (2013-2014) SM Caen (2014-2018) Stade Rennais (2018-2021) Olympique Lyonnais (2021-2022) Damien Da Silva
48%
1860 Munich (2014-2015) Borussia Dortmund (2015-2020) Benfica (2020-2022) Julian Weigl
43%
EC Juventude (2011-2012) Grêmio Porto Alegre (2012-2014) Galatasaray SK (2014-2016) Inter Milan (2015-2016 en prêt) FC Porto (2016-2020) Manchester United (2020-2022) Séville FC (2022) Alex Telles
40%
Milton Keynes (2012-2015) Tottenham Hotspur (2015-2022) Everton FC (2022) Dele Alli
30%
AC Arles-Avignon (2014-2015) Arsenal FC (2015-2017) Tours FC (2017 en prêt) Empoli FC (2017-2019) AC Milan (2019-2022) Ismaël Bennacer
23%
Red Bull Salzbourg (2014-2017) RB Leipzig (2017-2022) Konrad Laimer
20%
Plaisance FC (2005-2010) Cagliari Calcio (2010-2014) AS Rome (2014-2018) Inter Milan (2018-2021) Cagliari Calcio (2019-2021 en prêt) Royal Antwerp (2021-2022) Radja Nainggolan
18%
Viitorul Constanta (2015-2016) AC Fiorentina (2016-2018) Viitorul Constanta (2018-2019) KRC Genk (2019-2020) Glasgow Rangers (2020-2022) Ianis Hagi
14%
KRC Genk (2015-2017) Leicester City (2017-2022) Wilfred Ndidi
12%
AS Monaco (2018-2019) Bristol City (2019-2022) Han-Noah Massengo
9%
Aucun quiz correspondant
Distribution des résultats
% des personnes avec chaque résultat
Percentile par nombre de réponses
Votre historique - résultats
Vous n’avez pas pris ce quiz